| 000 | 01137cam a22002174a 4500 | ||
|---|---|---|---|
| 005 | 20250605163929.0 | ||
| 008 | 250528s ||||||||||||||||||||||||d | ||
| 035 | _a14619 | ||
| 020 | _a124509606 | ||
| 040 |
_aGR-AtMCL _bgre _dGR-AtMCL _eAACR2 |
||
| 245 | 1 | _aHuman Information Processing / An Introduction to Psychology | |
| 250 | _a2nd | ||
| 260 |
_bAmerican Psychological Association, _c1977 |
||
| 300 | _a784 | ||
| 520 | _aPreface, Acknowledgements, Human Perception, The Visual System, The Dimensions of Vision, The Auditory System, The Dimensions of Sound, Neural Information Processing, Pattern Recognition and Attention, The Memory Systems, Using Memory, The Representation of Knowledge, The Neural Basis of Memory, Language, Learning and Cognitive Development, Problem Solving and Decision Making, The Mechanisms of Thought, Social Interactions, Stress and Emotion, Measuring Psychological Variables, Operating Characteristics, Bibliography, General Readings, References, Author and Subject Index. | ||
| 700 | 1 |
_aLindsay Peter H. _9347 |
|
| 700 | 1 |
_aNorman Donald A _9348 |
|
| 942 | _cBK | ||
| 999 |
_c243 _d243 |
||